| 000 | 00633nam a2200181 4500 | ||
|---|---|---|---|
| 001 | 140037 | ||
| 003 | ES-MaACL | ||
| 005 | 20230906200000.0 | ||
| 007 | t| | ||
| 008 | 070214s1966 sp r ||||1| spa d | ||
| 100 | 1 |
_aSchmitt, Carl. _9104517 |
|
| 245 | 1 | 0 |
_aTeoría del partisano _b: anotación al concepto de lo político / _cCarl Schmitt ; [traducción de Anima Schmitt de Otero]. |
| 260 |
_aMadrid : _bInstituto de Estudios Políticos, _c1966. |
||
| 300 |
_a131 p. ; _c21 cm. |
||
| 700 | 1 |
_aSchmitt de Otero, Anima. _9104525 |
|
| 710 | 2 |
_aInstituto de Estudios Políticos (Madrid) _94924 |
|
| 852 |
_aES-MaACL _jC-31872 _bR.61977 |
||
| 999 |
_c140037 _d140037 |
||